Popoluška
| Main Author: | |
|---|---|
| Other Authors: | |
| Format: | Book |
| Language: | Slovak English |
| PhysicalDescription: | [8] s. fareb. ilustr. 18 x 18 cm |
| Published: |
Bratislava
Svojtka & Co.
2017
|
| ISBN: | 9788056700648 |
| Edition: | 1. slov. vyd. |
| Series: | Minirozprávky
Tlač, ťahaj, posúvaj |
| Subjects: |
MARC
| LEADER | 00000cam a2200000 a 4500 | ||
|---|---|---|---|
| 001 | vtls011724120 | ||
| 003 | SK-MaSNL | ||
| 005 | 20260301050601.0 | ||
| 008 | 180105s2017 xo a a 000 f slo | ||
| 015 | |a SNBA2018/01 | ||
| 020 | |a 9788056700648 |q (leporelo) | ||
| 040 | |a SNK |b slo |c SNK |e AACR2 | ||
| 041 | 1 | |a slo |h eng | |
| 044 | |a xo |c SK | ||
| 072 | 7 | |a 821-93 |x Literatúra pre deti a mládež (beletria) |2 konspekt | |
| 080 | |a 821-34 |2 2011 | ||
| 080 | |a (0.025.2) |2 2011 | ||
| 080 | |a 82-93-053.2 |2 2011 | ||
| 100 | 1 | |a Taylor, Dan |4 aut |4 ill |9 350067 | |
| 245 | 1 | 0 | |a Popoluška |c [ilustrácie Dan Taylor ; preklad Jitka Madarásová] |
| 250 | |a 1. slov. vyd. | ||
| 260 | |a Bratislava |b Svojtka & Co. |c 2017 | ||
| 300 | |a [8] s. |b fareb. ilustr. |c 18 x 18 cm | ||
| 490 | 1 | |a Minirozprávky | |
| 490 | 1 | |a Tlač, ťahaj, posúvaj | |
| 500 | |a Kartónové listy s posuvnými obrázkami | ||
| 500 | |a Názov z obalu | ||
| 500 | |a Preložené z anglického vydania | ||
| 521 | 1 | |a Pre deti od 1 roka | |
| 655 | 7 | |a rozprávky |2 SNKPH |9 70597 | |
| 655 | 7 | |a leporelá |2 SNKPH |9 60414 | |
| 655 | 7 | |a publikácie pre deti |2 SNKPH |9 70148 | |
| 655 | 7 | |a Fairy tales |2 SNKPHeng |9 265887 | |
| 655 | 7 | |a Picture books for children |2 SNKPHeng |9 277438 | |
| 655 | 7 | |a Children's literature |2 SNKPHeng |9 276039 | |
| 700 | 1 | |a Madarásová, Jitka |4 trl |9 207448 | |
| 730 | 0 | |a Cinderella |l Slovensky |9 356454 | |
| 830 | 0 | |a Minirozprávky |9 350069 | |
| 830 | 0 | |a Tlač, ťahaj, posúvaj |9 350070 | |
| 919 | |a 978-80-567-0064-8 | ||
| 958 | |a LX | ||
| 958 | |a DB | ||
| 958 | |a UP | ||
| 999 | |c 601289 |d 603219 | ||
| 952 | |a SNK |b SNK |y PREZ |7 0 |p 17A1304857 |o snkOSD 10034 |i snk2017/26679 |8 0 |0 0 |1 0 |4 0 |d 2017-12-01 |l 0 |r 2026-02-23 15:54:25 |w 2026-02-23 | ||
| 952 | |a SNK |b SNK |y PREZ |7 0 |p 17A1304858 |o snkOSD 10034 D1 |i snk2017/26680 |8 0 |0 0 |1 0 |4 0 |d 2017-12-01 |l 0 |r 2026-02-23 15:54:25 |w 2026-02-23 | ||


